واقع وتفعيل القانون الدولي في زمن الحرب والسلم: وقائع المؤتمر العلمي المحكم الثالث لكلية الحقوق جامعة عجلون الوطنية/الاردن 24-25 /11/ 2015=Effective nes of reality of information law with the war and peace in the time Proc. Of the third refereed scientific conference of faculty of law Ajlon,24-25-November -2015 Jordan (Record no. 26463)
[ view plain ]
| 000 -LEADER | |
|---|---|
| fixed length control field | 01120nam a2200229Ii 4500 |
| 003 - CONTROL NUMBER IDENTIFIER | |
| control field | JO-AjNU |
| 005 - DATE AND TIME OF LATEST TRANSACTION | |
| control field | 20240113145730.0 |
| 008 - FIXED-LENGTH DATA ELEMENTS--GENERAL INFORMATION | |
| fixed length control field | 230605s9999||||xx |||||||||||||| ||und|| |
| 017 ## - COPYRIGHT OR LEGAL DEPOSIT NUMBER | |
| Copyright or legal deposit number | 2015/11/5384 |
| 040 ## - CATALOGING SOURCE | |
| Original cataloging agency | JO-AjNU |
| Language of cataloging | ara |
| Description conventions | rda |
| Transcribing agency | JO-AjNU |
| 041 ## - LANGUAGE CODE | |
| Language code of text/sound track or separate title | ara |
| 050 14 - LIBRARY OF CONGRESS CALL NUMBER | |
| Classification number | JX1280 2015 |
| 100 3# - MAIN ENTRY--PERSONAL NAME | |
| Personal name | تحرير العيسى، طلال, |
| Relator term | author |
| 9 (RLIN) | 51773 |
| 245 00 - TITLE STATEMENT | |
| Title | واقع وتفعيل القانون الدولي في زمن الحرب والسلم: وقائع المؤتمر العلمي المحكم الثالث لكلية الحقوق جامعة عجلون الوطنية/الاردن 24-25 /11/ 2015=Effective nes of reality of information law with the war and peace in the time Proc. Of the third refereed scientific conference of faculty of law Ajlon,24-25-November -2015 Jordan |
| 264 31 - PRODUCTION, PUBLICATION, DISTRIBUTION, MANUFACTURE, AND COPYRIGHT NOTICE | |
| Place of production, publication, distribution, manufacture | عجلون: جامعة عجلون الوطنية، 2105 |
| 300 ## - PHYSICAL DESCRIPTION | |
| Extent | 662ص |
| 336 ## - CONTENT TYPE | |
| Content type term | text |
| Content type code | txt |
| Source | rdacontent |
| 337 ## - MEDIA TYPE | |
| Media type term | unmediated |
| Media type code | n |
| Source | rdamedia |
| 338 ## - CARRIER TYPE | |
| Carrier type term | volume |
| Carrier type code | nc |
| Source | rdacarrier |
| 650 #4 - SUBJECT ADDED ENTRY--TOPICAL TERM | |
| Topical term or geographic name entry element | القانون الدولي - العلاقات الدولية - مؤتمرات |
| 9 (RLIN) | 51774 |
| 942 ## - ADDED ENTRY ELEMENTS (KOHA) | |
| Source of classification or shelving scheme | Library of Congress Classification |
| Koha item type | Books |
| Withdrawn status | Lost status | Source of classification or shelving scheme | Damaged status | Not for loan | Home library | Current library | Shelving location | Date acquired | Total Checkouts | Full call number | Barcode | Date last seen | Price effective from | Koha item type |
|---|---|---|---|---|---|---|---|---|---|---|---|---|---|---|
| Library of Congress Classification | مكتبة جامعة عجلون الوطنية | مكتبة جامعة عجلون الوطنية | المجموعات العامة | 06/06/2023 | JX1280 2015 | A22895 | 06/06/2023 | 06/06/2023 | Books |